[Event "270th YMCA Winter B"]
[Site "Warsaw"]
[Date "2023.03.17"]
[Round "10"]
[White "Mlynarski, Zbigniew"]
[Black "Szumigaj, Marcin"]
[Result "1-0"]
[WhiteElo "1615"]
[BlackElo "1502"]
[PlyCount "107"]
[EventDate "2023.01.12"]
[EventType "tourn"]
[EventRounds "1"]
[EventCountry "POL"]
[SourceDate "2023.01.11"]

1. d4 e6 2. c4 d5 3. Nc3 Nf6 4. Nf3 Be7 5. Bf4 c6 6. e3 O-O 7. Bd3 Nbd7 8. O-O
a6 9. a4 c5 10. a5 b6 11. cxd5 exd5 12. axb6 Nxb6 13. Ne5 Bb7 14. Na4 c4 15.
Bc2 Nbd7 16. Nc3 g6 17. Bh6 Re8 18. b3 Bb4 19. Na2 Bf8 20. Bxf8 Kxf8 21. bxc4
Nxe5 22. dxe5 Rxe5 23. Qd4 Qe7 24. Rab1 Re6 25. Rb2 dxc4 26. Rfb1 Bc6 27. Qxc4
Bb5 28. Qf4 Kg7 29. Nc3 Rc8 30. Nxb5 axb5 31. Bd3 Rb6 32. Rxb5 Rxb5 33. Bxb5
Qb7 34. h3 Rb8 35. Bd3 Qxb1+ 36. Bxb1 Rxb1+ 37. Kh2 Rd1 38. Qe5 Rd5 39. Qc3 Rd6
40. e4 Re6 41. e5 Nd5 42. Qd4 Ne7 43. f4 g5 44. g3 h6 45. Qd7 gxf4 46. gxf4 Nf5
47. Kg1 h5 48. Kf2 Kg6 49. Kf3 Nh6 50. Ke4 Nf5 51. Qd8 Ne7 52. h4 Kg7 53. Qd1
Rg6 54. Qxh5 1-0

[Event "270th YMCA Winter B"]
[Site "Warsaw"]
[Date "2023.03.17"]
[Round "10"]
[White "Nocek, Dominik"]
[Black "Kowalski, Witold"]
[Result "1-0"]
[WhiteElo "1644"]
[BlackElo "1484"]
[PlyCount "73"]
[EventDate "2023.01.12"]
[EventType "tourn"]
[EventRounds "1"]
[EventCountry "POL"]
[SourceDate "2023.01.11"]

1. e4 c5 2. Nf3 e6 3. d4 cxd4 4. Nxd4 Nc6 5. Nc3 Qc7 6. g3 a6 7. Bg2 b5 8. O-O
Bb7 9. Re1 d6 10. a4 b4 11. Nd5 Qb8 12. Nb6 Ra7 13. a5 Nge7 14. Be3 Ba8 15. Qd2
Nxd4 16. Bxd4 Nc6 17. f4 Rc7 18. c3 bxc3 19. Bxc3 Na7 20. b3 Nb5 21. Bb2 h5 22.
h3 Bc6 23. Rac1 Qb7 24. Kh2 Rg8 25. f5 Be7 26. fxe6 fxe6 27. Bf3 h4 28. gxh4
Bxh4 29. Re2 Rf7 30. Bg4 Bd7 31. Nxd7 Kxd7 32. Bh5 g6 33. Rg2 Ke7 34. Bxg6 Rff8
35. Qh6 Bf2 36. Qg5+ Rf6 37. Qxf6+ 1-0

[Event "270th YMCA Winter B"]
[Site "Warsaw"]
[Date "2023.01.20"]
[Round "11"]
[White "Szumigaj, Marcin"]
[Black "Nocek, Dominik"]
[Result "1/2-1/2"]
[WhiteElo "1502"]
[BlackElo "1644"]
[PlyCount "102"]
[EventDate "2023.01.12"]
[EventType "tourn"]
[EventRounds "1"]
[EventCountry "POL"]
[SourceDate "2023.01.11"]

1. d4 Nf6 2. c4 c5 3. d5 e6 4. Nc3 exd5 5. cxd5 d6 6. e4 g6 7. Nf3 Bg7 8. Bd3
O-O 9. h3 b6 10. O-O Ba6 11. Qe2 Bxd3 12. Qxd3 Nbd7 13. Bf4 Qe7 14. Rae1 Ne5
15. Nxe5 dxe5 16. Bg5 h6 17. Bxf6 Qxf6 18. Ne2 Rfd8 19. b3 Qe7 20. Rd1 a6 21.
a4 Qb7 22. f4 exf4 23. Rxf4 b5 24. Rdf1 Rd7 25. h4 Rc8 26. h5 c4 27. bxc4 bxc4
28. Qf3 g5 29. Rf6 Rcc7 30. Nc3 Qa7+ 31. Kh1 Qd4 32. Rxa6 Rc8 33. Nb5 Qd3 34.
Qf5 Be5 35. Rxh6 Qg3 36. Qh3 Qxh3+ 37. gxh3 c3 38. Rc6 Rxc6 39. dxc6 Rd3 40.
Rc1 Rxh3+ 41. Kg2 Rxh5 42. c7 Rh2+ 43. Kg1 Bxc7 44. Nxc7 Ra2 $11 45. Rxc3 Rxa4
46. Re3 Kg7 47. Kf2 Kf6 48. Nb5 Ke5 49. Nc3 Rc4 50. Rf3 Kd4 51. Ne2+ Kxe4 $11
1/2-1/2

[Event "270th YMCA Winter B"]
[Site "Warsaw"]
[Date "2023.03.08"]
[Round "11"]
[White "Pasternak-Winiarski, Adam"]
[Black "Mlynarski, Zbigniew"]
[Result "1-0"]
[WhiteElo "1611"]
[BlackElo "1615"]
[PlyCount "51"]
[EventDate "2023.01.12"]
[EventType "tourn"]
[EventRounds "1"]
[EventCountry "POL"]
[SourceDate "2023.01.11"]

1. c4 e5 2. g3 Nf6 3. Bg2 c6 4. e3 d6 5. Ne2 Be6 6. d3 Na6 7. O-O Be7 8. a3 O-O
9. b4 d5 10. Nd2 Nc7 11. Bb2 Nd7 12. Qc2 Rc8 13. Rfb1 Bg4 14. Nf3 Bf6 15. a4
dxc4 16. dxc4 Qe7 17. Nc3 Rfe8 18. Ne4 Bxf3 19. Bxf3 Qe6 20. Qe2 Nb6 21. c5 Nd7
22. Bg4 Qe7 23. Nd6 Nd5 24. Nxc8 Rxc8 25. e4 Nxb4 26. Qd2 1-0

[Event "270th YMCA Winter B"]
[Site "Warsaw"]
[Date "2023.03.16"]
[Round "11"]
[White "Kuc, Mariusz"]
[Black "Pichurko, Jakub"]
[Result "0-1"]
[WhiteElo "1718"]
[BlackElo "1664"]
[PlyCount "114"]
[EventDate "2023.01.12"]
[EventType "tourn"]
[EventRounds "1"]
[EventCountry "POL"]
[SourceDate "2023.01.11"]

1. e4 c6 2. d4 d5 3. Nc3 dxe4 4. Nxe4 Nd7 5. Nf3 Ngf6 6. Ng3 g6 7. c3 Bg7 8.
Bd3 O-O 9. O-O c5 10. Qe2 b6 11. Ne5 Bb7 12. Bg5 cxd4 13. cxd4 h6 14. Bd2 Nd5
15. f4 e6 16. Nxg6 fxg6 17. Qxe6+ Kh8 18. Qxg6 N7f6 19. Nf5 Qd7 20. Rae1 Qf7
21. Nd6 Qd7 22. Nf5 Qf7 23. Nd6 Qd7 24. Nxb7 Qxb7 25. Re6 Qf7 26. Qf5 Qh5 27.
Re5 Qxf5 28. Bxf5 Rad8 29. g4 Ne8 30. Re6 Bxd4+ 31. Kg2 Rf6 32. Rfe1 Ng7 33.
Rxf6 Nxf6 34. Bc3 Bxc3 35. bxc3 Nxf5 36. gxf5 Rd2+ 37. Kf3 Rd3+ 38. Ke2 Rxc3
39. Kd2 Rf3 40. Re7 Rxf4 41. Rxa7 Rxf5 42. Ke3 Re5+ 43. Kf4 Re7 44. Ra3 Kg7 45.
Kf5 Kf7 46. Rb3 Nd7 47. h4 Re5+ 48. Kf4 Ra5 49. Rd3 Ke6 50. Rg3 Ra4+ 51. Ke3
Ra3+ 52. Kf4 Rxg3 53. Kxg3 Kf5 54. Kf3 Ne5+ 55. Ke3 h5 56. a4 Nc4+ 57. Kd4 Nb2
0-1

[Event "270th YMCA Winter B"]
[Site "Warsaw"]
[Date "2023.01.26"]
[Round "11"]
[White "Malicki, Jan"]
[Black "Szukalski, Antoni"]
[Result "1/2-1/2"]
[WhiteElo "1506"]
[BlackElo "1709"]
[PlyCount "109"]
[EventDate "2023.01.12"]
[EventType "tourn"]
[EventRounds "1"]
[EventCountry "POL"]
[SourceDate "2023.01.11"]

1. d4 Nf6 2. c4 e6 3. g3 d5 4. Bg2 Bb4+ 5. Bd2 Be7 6. Nc3 c6 7. cxd5 exd5 8.
Nf3 Bf5 9. Qb3 Qb6 10. Qxb6 axb6 11. Ne5 Nbd7 12. Nxd7 Kxd7 13. O-O h5 14. Bf4
h4 15. Rfe1 Ne4 16. Nxe4 dxe4 17. f3 exf3 18. Bxf3 g5 19. Bd2 hxg3 20. hxg3 Be6
21. a3 Rh3 22. Kf2 Bd6 23. Rg1 g4 24. Bh1 Rah8 25. Bf4 Rh2+ 26. Bg2 Bd5 27.
Bxd6 Kxd6 28. Rae1 Re8 29. e3 Re6 30. Re2 Bf3 31. Rd2 Bxg2 32. Rxg2 Rxg2+ 33.
Kxg2 Rxe3 34. Kf2 Re4 35. Rd3 Kd5 36. Rb3 b5 37. a4 Kc4 38. Rc3+ Kxd4 39. axb5
c5 40. Ra3 c4 41. Ra7 Re7 42. Ra8 Kc5 43. Rg8 Kxb5 44. Rxg4 Kb4 45. Rg5 b5 46.
Rf5 Ka4 47. g4 b4 48. Rf3 Rc7 49. Ke2 c3 50. bxc3 bxc3 51. Kd1 Kb3 52. Rf6 c2+
53. Kc1 Kc3 54. g5 Kd3 55. g6 1/2-1/2